00675nam a2200241 a 4500001001300000003000900013005001700022008004100039020002300080082001600103100001900119245003100138260003000169300000900199500003500208505001000243650001400253700001900267902000800286942000700294952011700301999001500418nice12345678IN_TiNIC20260116012834.0050524s1986 u sa grp 000 0 eng  a0896935 c10000a226.93bHUG aHughes, R Kent aBlessed Are the Born Again aU S AbVictor Booksc1986 a131p aincludes index and biblioraphy2 aIndex aBeatitude1 aHughes, R Kent bSRS cBK 001040708StackRoom-aHMIbHMId2007-06-20g100.00l0o226.93 HUGp013961r2007-06-20v100.00w2005-05-24yBK c8590d8590